000 00680nam a2200241 a 4500
001 43581
003 BD-RjUL
005 20211209053723.0
008 160625r19811979mau b 001 0 eng
020 _a0395315417 (pbk.)
020 _a0333181557
035 _a(BD-RjUL)43699
040 _aDLC
_cDLC
_dDLC
_dBD-RjUL
_beng
041 _aeng
082 0 0 _a335.4309
_223
_bMCM 1981
100 1 _aMcLellan, David.
_9133895
245 1 0 _aMarxism after Marx :
_ban introduction /
_cDavid McLellan.
260 _aBoston :
_bHoughton Mifflin,
_c1981, c1979.
300 _aix, 355 p. ;
_c21 cm.
500 _aIncludes index.
650 0 _aCommunism
_xHistory.
_9127984
942 _2ddc
_cBK
999 _c43581
_d43581